000 00485nam a2200145Ia 4500
008 100122s9999 xx 000 0 und d
082 _b13043
_a70.172
100 _aकेळकर न चि
245 _aवृत्तपत्र मीमांसा
260 _bनिलकंठ प्रकाशन
_c1965
300 _a159
630 _aवृत्तपत्र मीमांसा
730 _aवृत्तपत्र मीमांसा
942 _cBOOK
999 _c403958
_d403955